000 00759nam a2200253Ia 4500
003 OSt
005 20221005091326.0
006 a|||||r|||| 00| 0
007 ta
008 221004b |||||||| |||| 00| 0 eng d
020 _a9780230553286 (hbk)
_c2310.25
024 _a2492
037 _b10923, 04/01/2013, Elite Publishers Distributors
_cTextual
040 _aCRL
_cCRL
_beng
041 _2eng
_aeng
082 _aa43, P8
100 _aFishburn Matthew
_9616047
245 0 _aBurning books
260 _aNew York
_bPalgrave macmillan U.S.A
_c2008
300 _axix, 219p.
_ccm.
650 _aBIBLIOGRAPHY
942 _ha43, P8
_cTEXL
_2cc
999 _c997118
_d997118